Country Flags Without Symbols - Statistics

General Stats
  • This quiz has been taken 101 times
    92 since last reset
  • The average score is 36 of 61
Answer Stats
Picture Answer % Correct
Argentina
89%
Papua New Guinea
80%
South Korea
74%
Vanuatu
74%
Kazakhstan
73%
North Korea
70%
Sri Lanka
69%
Brazil
67%
Cambodia
67%
Iran
67%
Kenya
67%
Fiji
66%
Slovakia | Slovenia
66%
Uruguay
66%
Bhutan
64%
Kosovo
64%
Uganda
64%
Andorra | Moldova
63%
Brunei
63%
Cyprus
63%
India
63%
Malta
63%
Philippines
63%
Croatia | Paraguay
61%
Dominica
61%
Mexico
61%
Saudi Arabia
61%
Spain
61%
Ecuador
60%
Haiti | Liechtenstein
60%
Mongolia
60%
Afghanistan
59%
Israel
59%
Oman
59%
San Marino
59%
Vatican City
59%
Zambia
59%
Barbados
57%
Dominican Republic
57%
Egypt | Iraq
57%
El Salvador | Nicaragua
57%
Ethiopia
57%
Guatemala
56%
Zimbabwe
56%
Eswatini
54%
Portugal
54%
Belize
53%
Equatorial Guinea
53%
Mozambique
53%
Rwanda
53%
Serbia
53%
Eritrea
51%
Lebanon
51%
Angola
50%
Lesotho
50%
Montenegro
50%
Tajikistan
46%
Malawi
43%
Albania | Kyrgyzstan | Morocco
39%
Canada
39%
St. Lucia
33%
No matching quizzes found
Score Distribution
Percent of People with Each Score
Percentile by Number Answered
Your Score History
You have not taken this quiz since the last reset